Elementary differential equations and boundary value problems, 5/e (Record no. 301364)
[ view plain ]
| 000 -LEADER | |
|---|---|
| fixed length control field | 00532 a2200169 4500 |
| 001 - CONTROL NUMBER | |
| control field | 66291 |
| 003 - CONTROL NUMBER IDENTIFIER | |
| control field | NUST |
| 005 - DATE AND TIME OF LATEST TRANSACTION | |
| control field | 20180119121440.0 |
| 008 - FIXED-LENGTH DATA ELEMENTS--GENERAL INFORMATION | |
| fixed length control field | 180119b xxu||||| |||| 00| 0 eng d |
| 082 ## - DEWEY DECIMAL CLASSIFICATION NUMBER | |
| Classification number | 515.35 BOY |
| 100 ## - MAIN ENTRY--PERSONAL NAME | |
| Personal name | Boycee |
| 9 (RLIN) | 9075 |
| 245 ## - TITLE STATEMENT | |
| Title | Elementary differential equations and boundary value problems, 5/e |
| 250 ## - EDITION STATEMENT | |
| Edition statement | 5 |
| 260 ## - PUBLICATION, DISTRIBUTION, ETC. | |
| Place of publication, distribution, etc. | N Y |
| Name of publisher, distributor, etc. | John Wiely & Sons |
| Date of publication, distribution, etc. | 1992 |
| 300 ## - PHYSICAL DESCRIPTION | |
| Other physical details | login and password slip is pasted on the book |
| 500 ## - GENERAL NOTE | |
| General note | with instructions for online access is pasted inside the book |
| 520 ## - SUMMARY, ETC. | |
| Summary, etc. | boundary value problems |
| 740 ## - ADDED ENTRY--UNCONTROLLED RELATED/ANALYTICAL TITLE | |
| Uncontrolled related/analytical title | boundary value problems |
| 942 ## - ADDED ENTRY ELEMENTS (KOHA) | |
| Institution code [OBSOLETE] | NUST-CAE |
| Koha item type | Book |
| Call number prefix | 515.35 BOY |
| Source of classification or shelving scheme | |
| Withdrawn status | Lost status | Damaged status | Not for loan | Collection code | Permanent Location | Current Location | Date acquired | Total Checkouts | Full call number | Barcode | Date last seen | Price effective from | Koha item type |
|---|---|---|---|---|---|---|---|---|---|---|---|---|---|
| College of Aeronautical Engineering (CAE) | College of Aeronautical Engineering (CAE) | 04/03/2017 | 515.35 BOY | CAEN-944 | 04/05/2017 | 04/05/2017 | Book |
